000 00767nas a2200241 4500
001 BR7802765
003 BR-BrBNA
005 20231205083419.0
007 ta
008 230509b bl.|||p| |||| 00| 00por d
040 _aBR-BrBNA
_bpor
_cBiblioteca Nacional de Agricultura
041 _a(Pt)
072 _aF25
100 1 _aVan Raij, B.
245 1 _aEstudo de materiais calcarios usados como corretivos do solo no estado de Sao Paulo, 4. O poder relativo de neutralizacao total
650 _aFERTILIDADE DO SOLO
650 _aCORRETIVO
650 _aCALCARIO
650 _aPODER NEUTRALIZANTE
773 0 _tBragantia (Brazil)
_xISSN 0006-8705
_g(May 1977), v. 36(12) p. 139-145
_wBR7802765
909 _a202311
_bLúcia
_c55
_dLúcia Elande
942 _2AGRIS
_n0
_cANA
999 _c98589
_d98589